000 00670nam a2200289Ia 4500
005 20260324141035.0
008 008 260324s9999 xx 000 0 eng d
020 _a9780203825310
037 _aEBOOK
040 _aCRL
040 _beng
040 _cCRL
041 _2eng
041 _aeng
084 _qCRL
100 _aFrida Furman
_91206695
245 0 _aFacing the Mirror
245 0 _bOlder Women and Beauty Shop Culture
260 _bTaylor and Francis
260 _c1997
365 _a
365 _b255
856 _uhttp://www.taylorfrancis.com/books/9780203825310
942 _cEBOOK
999 _c1809368
_d1809368